00635nam a22002297a 450000100040000000500170000400800410002102000170006204000150007905000120009408200110010610000210011724500470013826000350018530000230022050500060024352000900024952100180033952100180035765000140037565000160038958420230619132806.0230619b cb ||||| |||| 00| 0 eng d a078073003990 aFISKHbeng aQE521.3 a551.21 aLauber, Patricia aVolcanoes and earthquakescPatricia Lauber aNew York :bScholastic.c1985. a74 pages :c20 cm. aO aDiscusses how earthquakes and volcanic eruptions occur and how they can be predicted. a840 bLexile aO bRaz-Plus avolcanoes aearthquakes